00727nam a2200181Ia 4500999001700000082001200017100002800029245010100057260003700158300001000195650003000205650004700235650003000282650009100312710001700403942001200420952011300432 c17398d17398 aTD.0106 aDatta, Ranendra Narayan 0aNepal's economic relationship with India with special reference to industry and trade since 1947 c1988bUniversity of North Bengal a519p. aINDUSTRIALIZATION - NEPAL aINDIA - FOREIGN ECONOMIC RELATIONS - NEPAL aNEPAL - COMMERCIAL POLICY aNEPAL - FOREIGN ECONOMIC RELATIONS - INDIA//INDIA - FOREIGN ECONOMIC RELATIONS - NEPAL aDas Gupta, M cTH2ddc 00104070aNASSDOCbNASSDOCd2004-10-08i2004-10-22l0oTD.0106p30341r2019-04-18 00:00:00w2019-04-18yTH